000 00725nam a2200217 i 4500
001 63744
003 ES-MaACL
005 20230906164946.0
007 t|
008 031216s1970 sp ||||1| spa d
100 1 _aFièvez, Marguerite.
_950731
245 1 3 _aLa vida de un pionero
_b: Cardijn /
_cM. Fièvez, J. Meert, R. Aubert ; prefacio de Helder Cámara ; [versión Juan José Enríquez].
250 _a[1ª ed.].
260 _aBarcelona :
_bNova Terra,
_c[1970]
300 _a304 p. ;
_c19 cm.
700 1 _aMeert, J.
_979798
700 1 _aAubert, R.
_923802
700 1 _aCámara, Helder
_c, Arzobispo de Olinda-Recife.
_933983
700 1 _aEnríquez, Juan José.
_947279
852 _aES-MaACL
_jC-49603
_bR.74483
999 _c63744
_d63744